Central Library OPAC University of Rajshahi

The problems of perception / (Record no. 29783)

MARC details
000 -LEADER
fixed length control field 00787nam a22002651 4500
001 - CONTROL NUMBER
control field 29783
003 - CONTROL NUMBER IDENTIFIER
rucl marc code BD-RjUL
005 - DATE AND TIME OF LATEST TRANSACTION
control field 20211209051447.0
008 - FIXED-LENGTH DATA ELEMENTS--GENERAL INFORMATION
fixed length control field 140407r19661959enk 000 0 eng
035 ## - SYSTEM CONTROL NUMBER
System control number (BD-RjUL)29868
System control number (OCoLC)860202
040 ## - CATALOGING SOURCE
Original cataloging agency DLC
Transcribing agency OAsC
Modifying agency OCoLC
-- DLC
-- BD-RjUL
Language of cataloging eng
041 ## - LANGUAGE CODE
Language code of text/sound track or separate title eng
082 00 - DEWEY DECIMAL CLASSIFICATION NUMBER
Classification number 152
Author mark and year HIP 1966
100 1# - MAIN ENTRY--PERSONAL NAME
Personal name Hirst, Rodney Julian.
9 (RLIN) 2856
245 14 - TITLE STATEMENT
Title The problems of perception /
Statement of responsibility, etc. by R. J. Hirst.
260 ## - PUBLICATION, DISTRIBUTION, ETC. (IMPRINT)
Place of publication, distribution, etc. London ;
Name of publisher, distributor, etc. Allen and Unwin;
Place of publication, distribution, etc. New York :
Name of publisher, distributor, etc. Humanities Press
Date of publication, distribution, etc. c1959 [Reprinted 1966].
300 ## - PHYSICAL DESCRIPTION
Pagination 330 p. ;
Size 23 cm.
490 ## - SERIES STATEMENT
Series statement The Muirhead library of philosophy
504 ## - BIBLIOGRAPHY, ETC. NOTE
Bibliography, etc Bibliographical footnotes.
650 #0 - SUBJECT ADDED ENTRY--TOPICAL TERM
Topical term or geographic name as entry element Perception.
9 (RLIN) 90672
942 ## - ADDED ENTRY ELEMENTS (KOHA)
Source of classification or shelving scheme Dewey Decimal Classification
Koha item type Books
Holdings
Lost status Source of classification or shelving scheme Damaged status Not for loan Collection code Permanent Location Current Location Shelving location Date acquired Source of acquisition Total Checkouts Full call number Date last seen Copy number Koha item type
  Dewey Decimal Classification   Added to bundle Non-fiction Central Library, University of Rajshahi Central Library, University of Rajshahi Reading Room 14/10/1969 BRITAIN   152 HIP 1966 07/04/2014 C-1 Books
  Dewey Decimal Classification     Non-fiction Central Library, University of Rajshahi Central Library, University of Rajshahi   14/10/1969 BRITAIN   152 HIP 1966 07/04/2014 C-5 Books
  Dewey Decimal Classification     Non-fiction Central Library, University of Rajshahi Central Library, University of Rajshahi   14/10/1969 BRITAIN   152 HIP 1966 07/04/2014 C-6 Books
  Dewey Decimal Classification     Non-fiction Central Library, University of Rajshahi Central Library, University of Rajshahi   14/10/1969 BRITAIN   152 HIP 1966 07/04/2014 C-7 Books
  Dewey Decimal Classification     Non-fiction Central Library, University of Rajshahi Central Library, University of Rajshahi   25/05/1973 WORLD UNIVERSITY   152 HIP 1966 07/04/2014 C-8 Books
  Dewey Decimal Classification     Non-fiction Central Library, University of Rajshahi Central Library, University of Rajshahi   29/01/1973 Britain   152 HIP 1959 09/11/2016 C-9 Books